[Event "FICGS class C 000073 email"]
[Site "FICGS email"]
[Date "2009.04.01"]
[Round "1"]
[White "Munkoev, Mikhail"]
[Black "Cirulis, Ilmars"]
[Result "0-1"]
[WhiteElo "1800"]
[BlackElo "1862"]
[PlyCount "24"]
[EventDate "2009.??.??"]
[EventType "tourn (corr)"]
[EventRounds "1"]
[SourceTitle "Corr 2022"]
[Source "ChessBase"]
[SourceDate "2021.10.24"]
[SourceVersion "1"]
[SourceVersionDate "2021.10.24"]
[SourceQuality "1"]

1. e4 c5 2. Nf3 Nc6 3. g3 d6 4. Bg2 Nf6 5. d3 h6 6. 0-0 e5 7. Ne1 Be7 8. f4 Bg4 9. Nf3 Qd7 10. Nbd2 exf4 11. gxf4 0-0-0 12. c4 g5 0-1

[Event "FICGS rapid B 000118 email"]
[Site "FICGS email"]
[Date "2009.03.29"]
[Round "1"]
[White "Munkoev, Mikhail"]
[Black "Cirulis, Ilmars"]
[Result "0-1"]
[WhiteElo "1800"]
[BlackElo "1862"]
[PlyCount "24"]
[EventDate "2009.??.??"]
[EventType "tourn (rapid)"]
[EventRounds "6"]
[SourceTitle "Corr 2022"]
[Source "ChessBase"]
[SourceDate "2021.10.24"]
[SourceVersion "1"]
[SourceVersionDate "2021.10.24"]
[SourceQuality "1"]

1. Nf3 d5 2. g3 c5 3. Bg2 Nc6 4. 0-0 Nf6 5. d3 g6 6. Nbd2 Bg7 7. e4 dxe4 8. dxe4 0-0 9. Re1 Be6 10. c3 h6 11. Qc2 Qd7 12. Nf1 Rad8 0-1